000 00506nam a2200193 a 4500
001 1757137942586
003 YourLibrary
005 20250908142700.0
008 250906s1999##################000#0#eng##
020 _a9780231064514
082 0 4 _a128.3
_bBUT
100 1 _aButler, Judith,
_eauthor.
245 1 0 _aSubjects of Desire :
260 _bColumbia University Press,
_c1999.
300 _a306 pages
650 0 _aLiterary Criticism.
942 _cENGLISH
040 _aYourLibrary
_beng
_cYourLibrary
999 _c585842
_d585842